000 00666nam a22002177a 4500
003 OSt
005 20260309073509.0
008 260306b |||||||| |||| 00| 0 eng d
020 _a978-621-406-433-5
040 _aDWCL - Main Lib.
_cOC
082 _aFil. 641.815 K51b 2025
100 _aKinchasan, Gerald M.
245 _aBread and pastry production:
_bcake making /
_cGerald M. Kinchasan
260 _aManila, Philippines:
_bMindshapers,
_cc2025.
300 _aviii, 166 pages;
_billustrations;
_c22cm.
504 _aIncludes bibliographical references.
650 _a1. Bread.
650 _a2. Baking.
650 _a3. Pastry.
942 _2ddc
_cBK - FIL
_n0
999 _c8679
_d8679